000 00739nam a2200253Ia 4500
003 OSt
005 20220926003024.0
006 a|||||r|||| 00| 0
007 ta
008 220923b |||||||| |||| 00| 0 eng d
020 _a0195665503
037 _cGeneral Book
040 _aRTL
_cRTL
_beng
041 _2eng
_aeng
082 _aDelta11, P4
100 _aHandelman Don
_9145626
245 0 _aSiva in the forest of pines
_b A essay on sorcery a
260 _a New Delhi
_bOxford
_c2004
300 _axi,246p
_ccm.
500 _aBibliography : P 231-239; Appendix : P 222-230
700 _a Shulman David
942 _hDelta11, P4
_cGB
_2CC
999 _c606705
_d606705